| 000 | 01234nam0a22002891 4500 | ||
|---|---|---|---|
| 001 | v19\rc\2024184 | ||
| 005 | 20250620015248.0 | ||
| 035 | _a(NLR Aleph) 005119564 | ||
| 090 |
_a7579640 _c7579640 |
||
| 100 | _a20080925e19161916|||y0rusy50 ca | ||
| 101 | 0 | _arus | |
| 102 | _aRU | ||
| 105 | _ay z ||||| | ||
| 200 | 1 |
_aПрименение метода Рица к исследованиям свободных колебаний балок _fЕ.[!] Красноперов |
|
| 210 |
_aПетроград _cтип. Р.Г. Шредера _d1916 |
||
| 215 |
_a[2], 24 с. _d24 |
||
| 300 | _aНа 1 с.: студ. Е. Красноперов | ||
| 311 | _aОтт. из "Изв. Политехн. ин-та". 1916, т. 25, с. 377-400 | ||
| 488 | 0 |
_12001#$aИзвестия Политехнического института$v1916, т. 25 _1215##$aС. 377-400 _tИзвестия Политехнического института |
|
| 700 | 1 |
_aКрасноперов _bН.В. _f1891- _gНиколай Владимирович |
|
| 790 | 1 |
_aКрасноперов _bЕ. _f1891- _gЕ.[!] |
|
| 801 | 0 |
_aRU _bNLR _gpsbo |
|
| 801 | 0 |
_aRU _bRuMoRGB _2psbo |
|
| 801 | 1 |
_aRU _bProSoft-M _2rusmarc |
|
| 852 |
_aNLR _j62-7/2040 |
||
| 942 | _cBOOK | ||
| 980 | _aNB | ||